Mots par définition #1 - Alcools - Statistiques

Statistiques générales
  • Ce quiz a été pris 963 fois
  • Le résultat moyen est 10 sur 15
Statistiques - réponses
Hint Réponse % Correct
Nom Féminin Boisson fermentée préparée à partir de céréales germées, principalement de l'orge et du houblon. Bière
96%
Nom Féminin Eau-de-vie de grain, d'un usage très répandu en Russie, en Pologne, etc. Vodka
94%
Nom Masculin Boisson fermentée préparée à partir de raisin ou de jus de raisin frais. Vin
93%
Nom Masculin Eau-de-vie originaire d'Écosse, provenant de la distillation de moûts préparés par saccharification des céréales au moyen de malt. Whisky
85%
Nom Masculin Boisson alcoolisée constituée d'un mélange d'alcool et d'essence d'anis, qui se trouble et prend une teinte jaune laiteuse lorsqu'on l'additionne d'eau. Pastis
84%
Nom Masculin Boisson alcoolique (entre 11 et 17 %) japonaise, fabriquée par fermentation du riz. Saké
84%
Nom Masculin Boisson provenant de la fermentation du jus de pomme ou d'un mélange de pommes et de poires, extrait avec ou sans addition d'eau. Cidre
77%
Nom Masculin Eau-de-vie obtenue par la fermentation alcoolique et la distillation des mélasses de canne à sucre ainsi que d'autres sous-produits de la fabrication du sucre de canne. Rhum
76%
Nom Masculin Mélange de bière et de limonade. Panaché
61%
Nom Masculin Eau-de-vie de grain (orge, blé, avoine), fabriquée surtout dans les pays anglo-saxons, aromatisée avec des baies de genièvre ou d'autres substances. Gin
60%
Nom Féminin Liqueur alcoolique de couleur verte aromatisée avec cette plante. Sa fabrication est interdite en France. Absinthe
59%
Nom Masculin Boisson alcoolique obtenue par fermentation du miel dans de l'eau. Hydromel
45%
Nom Féminin Bière belge parfumée à la cerise. Kriek
32%
Nom Féminin Liqueur obtenue par mélange d'alcool, d'eau, de sucre et d'esprit d'anis vert. Anisette
16%
Nom Masculin En Angleterre, eau-de-vie de vin pure. Brandy
9%
Aucun quiz correspondant
Distribution des résultats
% des personnes avec chaque résultat
Percentile par nombre de réponses
Votre historique - résultats
Vous n’avez pas pris ce quiz